00614nam a2200193Ia 4500003000900000008004100009040001600050080001500066100002400081245004300105260005000148300001000198650004100208650003100249650003000280942000700310999001300317952009000330IN-BaIIA211028s9999 xx 000 0 eng d cIIA Library a524.5bMIN aMineur, Henri91296 0aL'Espace InterstellairecHenri Mineur  aParisbPresses Universitaires De Francec1947 a276p. aAstronomy and Astrophysics Thesaurus aCircumstellar Matter91297 aInterstellar Matter91189 cBK c584d584 00104070aBANbBANcGENd0000-00-00l0o524.5/ MINp605r2021-11-05w0000-00-00yBK